000 00908nas a2200301 4500
001 BR9606511
003 BR-BrBNA
005 20231205095400.0
007 ta
008 230509b bl.|||p| |||| 00| 00por d
040 _aBR-BrBNA
_bpor
_cBiblioteca Nacional de Agricultura
041 _a(En)
072 _aF60
100 1 _aMoreira, R. de A.
100 1 _aCordeiro, E. de F.
100 1 _aCavada, B.S.
100 1 _aNunes, E.P.
100 1 _aFernandes, A.G.
100 1 _aOliveira, J.T.A.
245 1 _aPlant seed lectins. A possible marker for chemotaxonomy of the genus Canavalia
650 _aFeijao de Porco
650 _aLecitina
650 _aSemente
650 _aComposicao Quimica
773 0 _tRevista Brasileira de Fisiologia Vegetal (Brazil)
_xISSN 0103-3131
_g(Jul-Dec 1993), v. 5(2) p. 127-132
_wBR9606511
909 _a202311
_bLúcia
_c55
_dLúcia Elande
942 _2AGRIS
_n0
_cANA
999 _c150346
_d150346